|
|
|
|
| LEADER |
00851cam a2200229 7i4500 |
| 001 |
0000080322 |
| 005 |
20231030090000.0 |
| 020 |
|
|
|a 9783031186486 (electronic book)
|
| 090 |
0 |
0 |
|a N8600
|b .A23 2022
|
| 100 |
1 |
|
|a Abbing, Hans
|
| 245 |
1 |
4 |
|a The economies of serious and popular art :
|b how they diverged and reunited
|c Hans Abbing.
|
| 264 |
|
|
|a Cham:
|b Palgrave Macmillan,
|c 2022.
|
| 300 |
|
|
|a 1 online resource (xiii, 345 pages):
|b illustrations, text file, PDF.
|
| 336 |
|
|
|a text
|2 rdacontent
|
| 337 |
|
|
|a computer
|2 rdamedia
|
| 338 |
|
|
|a online resource
|2 rdacarrier
|
| 650 |
|
0 |
|a Art
|
| 650 |
|
0 |
|a Art and society
|
| 655 |
|
0 |
|a Electronic books
|
| 856 |
4 |
2 |
|u http://library.unisel.edu.my/web/guest/mylibrary
|
| 997 |
|
|
|a Communication, Visual Art & Computing, Faculty
|b Visual Art, Department
|
| 999 |
|
|
|a EBO0022435
|b EBOOK
|c EBOOK
|e Electronic resources
|